Sports Quiz

Random Sports or Basketball Quiz

Euroleague All Time Scorers Quiz Stats

Quiz not verified by Sporcle

Also try: Masters 2+ Winners
Challenge
Share
Tweet
Embed
Score 0/50 Timer 07:00
0 Plays Today
Country Player Name % Correct
SpainJuan Carlos Navarro
96.2%
GreeceVassilis Spanoulis
95.2%
SerbiaMilos Teodosic
90.3%
GreeceDimitris Diamantidis
86.6%
LithuaniaSarunas Jasikevicius
71%
SpainFelipe Reyes
67.7%
SpainSergio Llull
66.7%
GreeceGeorgios Printezis
63.4%
SloveniaJaka Lakovic
62.9%
ArgentinaLuis Scola
62.9%
GreeceTheodoros Papaloukas
59.7%
SpainRudy Fernandez
58.1%
USAMike Batiste
55.9%
GreeceAntonis Fotsis
53.8%
GreeceNikos Zisis
52.2%
SpainSergio Rodriguez
52.2%
USAMarcus Brown
50.5%
GreeceIoannis Bourousis
50.5%
SerbiaDejan Bodiroga
45.2%
CroatiaAnte Tomic
44.6%
USAJ.R. Holden
43.5%
LithuaniaPaulius Jankunas
43%
LithuaniaRamunas Siskauskas
43%
CroatiaNikola Vujcic
41.9%
SloveniaErazem Lorbek
40.9%
Country Player Name % Correct
ArgentinaAndres Nocioni
39.2%
AustraliaDavid Andersen
37.6%
ItalyGianluca Basile
35.5%
USAKeith Langford
34.9%
USATrajan Langdon
32.8%
LithuaniaJonas Maciulis
31.7%
SloveniaMatjaz Smodis
30.1%
SerbiaIgor Rakocevic
29%
SerbiaNenad Krstic
28.5%
GreeceMichalis Kakiouzis
27.4%
USAKyle Hines
26.9%
CroatiaMarko Popovic
26.9%
GreeceSofoklis Schortsanitis
26.3%
IsraelDavid Blu
24.7%
USADevin Smith
24.7%
SpainJorge Garbajosa
24.2%
USADrew Nicholas
23.1%
CroatiaZoran Planinic
22%
USASonny Weems
21.5%
FranceNando De Colo
21%
ItalyGregor Fucka
19.9%
SpainFran Vazquez
15.1%
TurkeyMirsad Turksan
14.5%
USALouis Bullock
9.1%
USAHenry Domercant
9.1%

You're not logged in!

Compare scores with friends on all Sporcle quizzes.
Join for Free
OR
Log In

You Might Also Like...

Show Comments

Extras

Top Quizzes Today


Score Distribution

Your Account Isn't Verified!

In order to create a playlist on Sporcle, you need to verify the email address you used during registration. Go to your Sporcle Settings to finish the process.

Report this User

Report this user for behavior that violates our Community Guidelines.

Details: